Incollable #42 - Découverte du monde - Statistiques

Statistiques générales
  • Ce quiz a été pris 386 fois
  • Le résultat moyen est 9 sur 13
Statistiques - réponses
Niveaux Questions Réponses % Correct
CP Complète: Nord, Sud, Est,... ...Ouest
100%
CE1 Comment appelle-t-on la limite entre deux pays ? La frontière
99%
CP Comment appelle-t-on la lune quand on la voit toute ronde ? La pleine lune
98%
CE2 De quelle sens les oreilles sont-elles l’organe ? De l’ouïe
94%
CE2 Dans quelle région se trouve Paris ? En Île-de-France
92%
CM2 Quel phénomène peut-on observer lorsque la Lune passe entre la Terre et le Soleil ? Une éclipse de Soleil
91%
Collège Que constitue l’Angleterre, l’Écosse, l’Irlande du Nord et le Pays de Galles , Le Royaume-Uni
90%
CM1 En météorologie, quel est le type de précipitation le plus fréquent en France ? La pluie
87%
Lycée Que signifie le sigle IDH ? Indice de Développement Humain
59%
Collège Mon premier est la dix-septième lettre de l’alphabet.Mon second est une céréale. Mon tout relève les plats. Le curry (Q-riz)
44%
CE1 Qu’est ce que la binette ? Un outils de jardinage
42%
CM1 Qu’est ce qu’un typhon ? Un cyclone asiatique
36%
Lycée Qu’est ce que l’allopathie ? La médecine officielle
10%
Aucun quiz correspondant
Distribution des résultats
% des personnes avec chaque résultat
Percentile par nombre de réponses
Votre historique - résultats
Vous n’avez pas pris ce quiz